000 00612nam a2200205Ia 4500
003 GCL
008 140319s9999 xx 000 0 ara d
040 _aGCL /
_cGCL
082 0 4 _aط
_b790
_bد ا
100 1 _aدار الكتاب اللبنانى
245 1 0 _aاسرح وامرح: الغاز والعاب متنوعة /
_cدار الكتاب اللبنانى
260 _a[S.N] :
_bدار الكتاب اللبنانى ،
_c1985
300 _a268 ص
490 _a
650 0 4 _aالاطفال
650 0 4 _aالالعاب
650 0 4 _aالتسالى
650 0 4 _aالالغاز
942 _2ddc
_cBK
999 _c57168
_d57168